Die Gemeindeorganisation mit Urnenabstimmung im Kanton Zürich/

Disimpan dalam:
Butiran Bibliografi
Pengarang Utama: Streiff, Ullin.
Format: Buku
Bahasa:German
Diterbitkan: Aarau : H.R. Sauerländer, 1961
Siri:Zürcher Beiträge zur Rechtswissenschaft, n. F., Heft 223.
Subjek-subjek:
Penanda-penanda: Tambah Penanda
Tiada Penanda, Jadilah orang pertama menanda rekod ini!
LEADER 00885nam a22002417a 4500
001 008641237-X
005 20020606104010.5
008 840927s1961 sz b 000 0 ger d
035 0 |a ocm02995250 
043 |a e-sz--- 
100 1 |a Streiff, Ullin. 
245 1 4 |a Die Gemeindeorganisation mit Urnenabstimmung im Kanton Zürich/  |c von Dr. Ullin Streiff ... 
260 |a Aarau :  |b H.R. Sauerländer,  |c 1961 
300 |a 287 p. ;  |c 23 cm. 
490 0 |a Zürcher Beiträge zur Rechtswissenschaft,  |v n. F., Heft 223. 
500 |a Also issued as author's thesis, 1959. 
504 |a Bibliography: p. 14-18. 
650 0 |a Representative government and representation  |z Switzerland  |z Zurich (Canton) 
650 0 |a Local government  |z Switzerland  |z Zurich (Canton) 
650 0 |a Referendum  |z Switzerland  |z Zurich (Canton) 
650 0 |a Voting  |z Switzerland  |z Zurich (Canton) 
988 |a 20020608 
906 |0 MH